02635cam a2200301 i 45000010009000000050017000090080041000260100017000670200018000840200018001020200018001200410008001380420008001460820017001541000023001712450075001942600028002692640071002973000040003683360026004083370028004343380027004625040051004895201608005406500014021487000024021627760147021862323182820250416172023.0230717s2024 enka b 001 0 eng  a 2023028268 a9781032429755 a9781032429748 z9781003365136 aeng apcc00a658.8007 BAR1 aBarkas, Linda Anne10aMarketing Skills In Practice :Developing A Successful Marketing Career aLondonbRoutledgec2024 1aLondon :aNew York, NY :bRoutledge, Taylor & Francis Groupc2024. a157 pages :billustrations ;c24 cm atextbtxt2rdacontent aunmediatedbn2rdamedia avolumebnc2rdacarrier aIncludes bibliographical references and index. a"Based around research into marketing education and marketing practice, Marketing Skills in Practice: Developing a Successful Marketing Career helps students embarking on their career to develop their professional identity, as well as the key skills required by employers in the industry. Divided into four core sections, the book begins with an overview of the field of marketing. Section two shows students how to relate practice to their own transferable skills, while section three gives students the opportunity to consider how they lead, develop, and manage within marketing. Section four provides students with the opportunity to reflect on their own learning and identify what knowledge and skills they have enhanced for their future careers. Fundamentally, the book identifies the key skills required in the marketing industry whilst also addressing the challenge of developing a career in leading and managing in a marketing context. Theoretical aspects are applied through real-life cases, practical examples and a themed case study, coupled with tasks that allow students to test and apply their knowledge to a workplace scenario, all of which are adaptable for hybrid teaching methods. Unique in its focus on employability, this text is suitable for all marketing students embarking on a career in the field, and particularly as core reading for any modules based on Marketing in Practice and Professional Development. Online resources include PowerPoint slides for lecturers and an instructor's manual, which includes lesson plans, tasks, suggested answers, and a test bank with answers"-- 0aMarketing1 aDixon-Todd, Yvonne,08iOnline version:aBarkas, Linda.tMarketing skills in practicebFirst edition.dNew York, NY : Routledge, 2024z9781003365136w(DLC) 2023028269